<?xml version="1.0" encoding="UTF-8"?>
<collection xmlns="http://www.loc.gov/MARC21/slim">
 <record>
  <leader>01008cam a2200277  c4500</leader>
  <controlfield tag="001">1732430365</controlfield>
  <controlfield tag="003">DE-627</controlfield>
  <controlfield tag="005">20220405180948.0</controlfield>
  <controlfield tag="007">tu</controlfield>
  <controlfield tag="008">200915s1969    gw |||||      00| ||ger c</controlfield>
  <datafield tag="035" ind1=" " ind2=" ">
   <subfield code="a">(DE-627)1732430365</subfield>
  </datafield>
  <datafield tag="035" ind1=" " ind2=" ">
   <subfield code="a">(DE-599)KXP1732430365</subfield>
  </datafield>
  <datafield tag="040" ind1=" " ind2=" ">
   <subfield code="a">DE-627</subfield>
   <subfield code="b">ger</subfield>
   <subfield code="c">DE-627</subfield>
   <subfield code="e">rda</subfield>
  </datafield>
  <datafield tag="041" ind1=" " ind2=" ">
   <subfield code="a">ger</subfield>
  </datafield>
  <datafield tag="044" ind1=" " ind2=" ">
   <subfield code="c">XA-DE</subfield>
  </datafield>
  <datafield tag="245" ind1="1" ind2="0">
   <subfield code="a">Alzeyer Geschichtsblätter / herausgegeben im Auftrag des Altertumsvereins für Alzey und Umgebung e.V. und der Stadt Alzey</subfield>
   <subfield code="n">Heft 6</subfield>
  </datafield>
  <datafield tag="264" ind1=" " ind2="1">
   <subfield code="c">1969</subfield>
  </datafield>
  <datafield tag="300" ind1=" " ind2=" ">
   <subfield code="a">169 Seiten</subfield>
   <subfield code="b">Illustrationen</subfield>
  </datafield>
  <datafield tag="336" ind1=" " ind2=" ">
   <subfield code="a">Text</subfield>
   <subfield code="b">txt</subfield>
   <subfield code="2">rdacontent</subfield>
  </datafield>
  <datafield tag="337" ind1=" " ind2=" ">
   <subfield code="a">ohne Hilfsmittel zu benutzen</subfield>
   <subfield code="b">n</subfield>
   <subfield code="2">rdamedia</subfield>
  </datafield>
  <datafield tag="338" ind1=" " ind2=" ">
   <subfield code="a">Band</subfield>
   <subfield code="b">nc</subfield>
   <subfield code="2">rdacarrier</subfield>
  </datafield>
  <datafield tag="773" ind1="1" ind2="8">
   <subfield code="w">(DE-627)129881813</subfield>
   <subfield code="w">(DE-576)01517705X</subfield>
   <subfield code="w">(DE-600)300027-8</subfield>
   <subfield code="x">0569-1613</subfield>
   <subfield code="g">Heft 6</subfield>
   <subfield code="q">1969,6</subfield>
   <subfield code="7">nnns</subfield>
  </datafield>
  <datafield tag="787" ind1="0" ind2="8">
   <subfield code="i">Rezensiert in</subfield>
   <subfield code="a">Gollub, Siegfried, 1915 - 1983</subfield>
   <subfield code="t">[Rezension von: Alzeyer Geschichtsblätter, 6]</subfield>
   <subfield code="d">1970</subfield>
   <subfield code="w">(DE-627)1797674323</subfield>
  </datafield>
  <datafield tag="951" ind1=" " ind2=" ">
   <subfield code="a">JV</subfield>
  </datafield>
  <datafield tag="991" ind1=" " ind2=" ">
   <subfield code="a">Rezensiertes Werk</subfield>
  </datafield>
  <datafield tag="999" ind1=" " ind2=" ">
   <subfield code="a">KXP-PPN1732430365</subfield>
   <subfield code="e">4567161211</subfield>
  </datafield>
 </record>
</collection>
